On Man & Nature / (Rekord nr 47953)
| 000 -ETYKIETA REKORDU | |
|---|---|
| podpole kontrolne o stałej długości | 00393nam a2200145 i 4500 |
| 001 - NUMER KONTROLNY REKORDU | |
| pole kontrolne | bgj |
| 040 ## - ŹRÓDŁO KATALOGOWANIA | |
| Instytucja, która utworzyła rekord | BPK |
| 041 0# - KOD JĘZYKA | |
| Kod języka tekstu | eng |
| 008 - POLE O STAŁEJ DŁUGOŚCI - DANE KONTROLNE | |
| podpole kontrolne o stałej długości | s uk f |000 0 eng |
| 100 1# - NAZWA OSOBOWA | |
| Nazwa osobowa | THOREAU, [Henry] [David] |
| Daty związane z nazwą | (1817-1862) |
| 245 10 - TYTUŁ/ODPOWIEDZIALNOŚĆ | |
| Tytuł | On Man & Nature / |
| Pozostałe elementy strefy tytułu i oznaczenia odpowiedzialności | H. D. Thoreau. |
| 260 ## - STREFA ADRESU WYDAWNICZEGO | |
| Miejsce wydania | Mount Vernon, NY : |
| Nazwa wydawcy/dystrybutora | Peter Pauper Press, |
| Data publikacji, dystrybucji/powstania dokumentu | c. 1960. |
| 300 ## - STREFA OPISU FIZYCZNEGO | |
| Objętość | 61 pp : |
| Inne cechy fizyczne | ill. ; |
| Rozmiary | 19 cm. |
| 856 ## - LOKALIZACJA I DOSTĘP DO ELEKTRONICZNYCH DOKUMENTÓW ZDALNYCH | |
| Link (URL) | http://koha.tu.koszalin.pl/cgi-bin/koha/opac-detail.pl?biblionumber=47953 |
| Tekst linku | Katalog online BPK |
| 942 ## - DODATKOWE ELEMENTY (KOHA) | |
| Typ dokumentu | Książka |
| Wycofany | Status egzemplarza | Uszkodzony | Dostępność | Lokalizacja stała | Lokalizacja bieżąca | Miejsce przechowywania | Sygnatura | Kod kreskowy | Dział | Typ dokumentu |
|---|---|---|---|---|---|---|---|---|---|---|
| Tylko na miejscu | Biblioteka Politechniki Koszalińskiej | Biblioteka Politechniki Koszalińskiej | Czytelnia Wydziałowa ul. Kwiatkowskiego 6e | KA 4731 | 09015081 | 1 Filozofia. Metafizyka | Książka |
